Statistiques concernant Tous les Rivaux des jeux Pokémon (série principale)

Cliquez ici pour prendre le quiz!

Statistiques générales

  • Ce quiz a été pris 46 fois
  • Le résultat moyen est 16 sur 24

Statistiques - réponses

HintRéponse% Correct
Rouge/Bleu/Jaune/Rouge Feu/Vert FeuilleBlue
100%
Or/Argent/Cristal/Or Heartgold/Argent SoulsilverSilver
95%
Rubis/Saphir/Emeraude/Rubis Omega/Saphir AlphaFlora
89%
Noire/BlancheN
89%
X/YSerena
89%
Rubis/Saphir/Emeraude/Rubis Omega/Saphir AlphaTimmy
84%
Noire/BlancheBianca
78%
Epee/BouclierNabil
78%
Noire/BlancheTcheren
78%
X/YTrovato
78%
Diamant/Perle/Platine/Diamant Etincelant/Perle ScintillanteBarry/René
76%
Rubis/Saphir/Emeraude/Rubis Omega/Saphir AlphaBrice
76%
Soleil/Lune/Ultra-Soleil:Ultra-LuneTili
76%
X/YTierno
70%
Soleil/Lune/Ultra-Soleil:Ultra-LuneGladio
59%
Noire 2/Blanche 2Matis
59%
X/YSannah
59%
X/YKalem
51%
Epee/BouclierRosemary
49%
Epee/BouclierTravis
43%
Ecarlate/VioletMenzi
38%
Let's Go Evoli/Let's Go PikachuTrace
30%
Epee/BouclierSophora
22%
Epee/BouclierSaturnin
11%

Distribution des résultats

Percentile par nombre de réponses

% des personnes avec chaque résultat

Votre développement - résultats

Vous n’avez pas pris ce quiz